Riconosci il cantante - Statistics

Statistiche generali
  • Questo quiz è stato fatto 292 volte
  • Il punteggio medio è 6 su 15
Statistiche sulle risposte
Hint Risposta % Corretto
Perdere l'amore Massimo Ranieri
88%
A te Jovanotti
85%
Uno su mille Gianni Morandi
68%
Balliamo sul mondo Luciano Ligabue
60%
Iris Biagio Antonacci
56%
Ci vorrebbe un amico Antonello Venditti
46%
Nuvole e lenzuola Negramaro
43%
E tu Claudio Baglioni
38%
Rotolando verso sud Negrita
37%
Cercami Renato Zero
36%
La nostra relazione Vasco Rossi
31%
Amara terra mia Domenico Modugno
14%
Cavallo bianco Matia bazar
14%
Vittima Moda
13%
A voi romani Alberto Curtis
2%
Nessun quiz corrispondente trovato
Distribuzione punteggi
Percentuale di utenti per punteggio
Percentile per numero di risposta
I tuoi punteggi nel tempo
Non hai fatto questo quiz